Mixed reception for sellers' information packs (Record no. 63479)

MARC details
000 -LEADER
fixed length control field 00817cam a2200205 4500
001 - CONTROL NUMBER
control field WB3619-32
008 - FIXED-LENGTH DATA ELEMENTS--GENERAL INFORMATION
fixed length control field 000000n2000 000 0 eng u
035 ## - SYSTEM CONTROL NUMBER
System control number (Sirsi) u105999
245 ## - TITLE STATEMENT
Title Mixed reception for sellers' information packs
260 ## - PUBLICATION, DISTRIBUTION, ETC.
Date of publication, distribution, etc. 2000
490 ## - SERIES STATEMENT
Series statement Observer
Volume/sequential designation 14 May 2000, 11(2)
520 ## - SUMMARY, ETC.
Summary, etc. Government plans for a homeseller's information pack, designed to speed up house sales and reduce gazumping, are criticised. Solicitors and estate agents involved in the pilot scheme report that the pack is expensive to produce and unlikely to reduce the period between acceptance of an offer and completion.
590 ## - LOCAL NOTE (RLIN)
Local note WB
650 ## - SUBJECT ADDED ENTRY--TOPICAL TERM
Topical term or geographic name entry element SELLERS INFORMATION PACKS
650 ## - SUBJECT ADDED ENTRY--TOPICAL TERM
Topical term or geographic name entry element GAZUMPING
650 ## - SUBJECT ADDED ENTRY--TOPICAL TERM
Topical term or geographic name entry element GAZUNDERING
650 ## - SUBJECT ADDED ENTRY--TOPICAL TERM
Topical term or geographic name entry element DETR
690 ## - LOCAL SUBJECT ADDED ENTRY--TOPICAL TERM (OCLC, RLIN)
Topical term or geographic name as entry element PROPERTY AND LAND LAW-AGENCY
942 ## - ADDED ENTRY ELEMENTS (KOHA)
Suppress in OPAC 0
Holdings
Withdrawn status Lost status Source of classification or shelving scheme Damaged status Not for loan Home library Current library Shelving location Date acquired Total Checkouts Full call number Barcode Date last seen Copy number Price effective from Koha item type
    Dewey Decimal Classification     London London News article 18/05/2000   WB3619-28 105999-1001 06/08/2019 1 06/08/2019 News article